1M+ Cities By Letter On A Map - R - Statistics

General Stats
  • This quiz has been taken 199 times
  • The average score is 7 of 9
Answers on the Map
Answers color-coded by a green-red scale on the quiz's map according to % correct below.
 
Answer Stats
Population City % Correct
6,023,699 Rio De Janeiro
100%
2,318,895 Rome
100%
4,205,961 Riyadh
98%
1,655,753 Rabat
97%
1,478,098 Recife
84%
1,074,482 Rostov-na-Donu
79%
1,173,533 Rosario
74%
1,743,101 Rawalpindi
64%
1,177,362 Rajkot
24%
No matching quizzes found
Score Distribution
Percent of People with Each Score
Percentile by Number Answered
Your Score History
You have not taken this quiz